000 00552nam a2200217Ia 4500
003 OSt
005 20250816114402.0
008 210210b2014 xxu||||| |||| 00| 0 eng d
040 _cAL
041 _aKannada
082 _aK894.3 BHAY
100 _aBhairappa S L
_9133298
110 _aಭೈರಪ್ಪ ಎಸ್ ಎಲ್
_9235967
245 _ayana
_b: ಯಾನ
260 _aBengaluru
_bSahitya Bhandara
_c2014
300 _a217p
650 _aBHYRAPPA
_9133299
690 _aKannada Fiction
_9133300
906 _a068683
942 _2ddc
_cBK
999 _c152860
_d152860